[Event "BL 2016-17"]
[Site "St. Veit/Glan"]
[Date "2017.03.25"]
[Round "7"]
[White "Wagner, Dennis"]
[Black "Schneider, Ilja"]
[Result "1/2-1/2"]
[WhiteElo "2568"]
[BlackElo "2518"]
[Annotator "TA"]
[PlyCount "86"]
[EventDate "2017.??.??"]
[EventType "team-tourn"]
[EventCountry "AUT"]
[SourceTitle "playchess.com"]
[Source "ChessBase"]
[SourceQuality "1"]
[WhiteTeam "Jenbach"]
[BlackTeam "Wulkaprodersdorf"]

{[%evp 15,86,0,0,12,4,16,36,36,36,36,43,39,70,29,76,69,67,70,52,35,25,34,14,25,39,13,43,0,31,35,34,43,43,44,52,47,45,44,44,44,130,112,111,121,141,133,142,136,139,155,150,111,151,94,91,96,93,117,122,99,115,115,110,98,104,95,106,98,121,85,151,151,144]} 1. e4 e5 2. Nf3 d6 3. d4 exd4 4. Nxd4 Nf6 5. Nc3 Be7 6. Qf3 {C41: Philidor Defence} (6. g3 O-O 7. Bg2 Re8 8. O-O Bf8 9. Bf4 Nbd7 10. Qd2 Ne5 11. Rad1 c6 12. h3 b5 13. b3 b4 14. Na4 c5 {1-0 (48) Vachier Lagrave,M (2731)-Rapport,R (2671) Biel 2015}) 6... O-O 7. Nf5 Bxf5 8. Qxf5 c6 {LiveBook: 7 Games} 9. Be3 b5 10. O-O-O Qd7 11. Qxd7 Nbxd7 12. f3 Rfe8 $146 (12... Ne5 13. h3 Rfe8 {½-½ (67) Kuipers,S (2389)-Picard,R (2374) Haarlem 2014}) 13. g4 {[%cal Bg2g4,Bg4g5][%mdl 32]} Bf8 14. Bg2 b4 15. Ne2 d5 {[%cal Rd5e4]} 16. g5 Nh5 17. Nf4 Bc5 18. Bd2 $1 Nxf4 19. Bxf4 Nb6 20. Rhe1 Kf8 21. e5 Rad8 22. Bg3 Nc8 23. h4 {[%cal Bh2h4,Bh4h5][%mdl 32]} Ne7 24. Bh3 g6 25. h5 Nf5 26. Bxf5 gxf5 27. Rd2 Ke7 {[#]} ({Black should play} 27... a5 $14) 28. g6 $1 $16 {[%mdl 512]} Kf8 (28... fxg6 29. Bh4+) 29. Bh4 Rc8 {[#]} 30. Rg2 $1 ({Much less strong is} 30. gxh7 $6 Kg7 $14) 30... fxg6 31. hxg6 Rc7 {[#]} 32. Bf6 $1 hxg6 33. Rh2 {And now Rh8+ would win.} Be7 {White must now prevent ...Bxf6.} 34. Rh8+ (34. Rh7 $142) 34... Kf7 35. e6+ Kxf6 36. Rxe8 {[%mdl 4096] Endgame KRR-KRB} c5 37. Rg8 g5 38. Rh8 Kg7 39. Reh1 {Threatens to win with R1h6.} Kf6 40. R1h6+ Ke5 41. R8h7 c4 42. Kd1 a5 ({Better is} 42... Kd6) 43. Rg6 Kd6 1/2-1/2

[Event "BL 2016-17"]
[Site "Germany"]
[Date "2017.02.18"]
[Round "7"]
[White "Boensch, Uwe"]
[Black "L'Ami, Erwin"]
[Result "0-1"]
[WhiteElo "2560"]
[BlackElo "2608"]
[Annotator "TA"]
[PlyCount "116"]
[EventDate "2017.??.??"]
[EventType "team-tourn"]
[EventCountry "GER"]

{[%evp 22,116,0,-17,9,6,10,8,7,5,6,-3,16,18,17,17,29,18,28,31,26,19,24,16,33,41,55,44,45,43,46,41,72,37,28,29,126,125,126,125,118,0,0,0,0,0,0,0,0,-10,-8,-44,0,0,0,0,0,0,0,0,0,0,0,0,0,0,0,0,0,-466,-462,-477,-458,-788,-771,-687,-581,-6398,-5310,-6518,-6514,-29971,-29972,-29970,-29972,-29972,-29971,-29975,-29974,-29978,-29979,-29978,-29979,-29981,-29982,-29982,-29983]} 1. d4 Nf6 2. c4 e6 3. Nf3 b6 4. g3 Bb7 5. Bg2 Be7 6. O-O O-O 7. Nc3 Ne4 8. Nxe4 Bxe4 9. Bf4 d6 10. Qd2 Nd7 11. Rfd1 h6 12. Rac1 {LiveBook: 4 Games} a5 13. Ne1 Bxg2 14. Nxg2 {The position is equal.} Bg5 15. Bxg5 Qxg5 16. e4 Qxd2 17. Rxd2 Rfd8 18. Ne3 g6 19. Kg2 Kg7 20. f4 h5 21. Kf3 Rac8 22. Rcd1 c6 23. e5 d5 24. Rc2 b5 25. cxb5 cxb5 26. Rdc1 Nb6 27. b3 Rxc2 28. Rxc2 $14 {[%mdl 4096] Endgame KRN-KRN} Rc8 (28... Nc8 $11 {keeps the balance.}) 29. Rc5 $16 Rxc5 30. dxc5 {KN-KN} Nc8 31. b4 (31. Nc2 $1 $16) 31... axb4 $11 32. Nc2 Kf8 33. Ke3 Ne7 34. Nxb4 Ke8 35. Kd3 Kd7 36. Kc3 Nc6 37. Nc2 Kc7 38. Ne1 Kb7 39. Nf3 Ka6 $1 40. Ng5 b4+ 41. Kb3 Kb5 42. Nxf7 Kxc5 43. Ng5 Nd4+ 44. Kb2 $1 Kc4 45. Nh7 $2 {[%mdl 8192]} (45. a3 $1 $11 {and White has nothing to worry.}) 45... Kd3 $1 $19 46. Nf8 Ke3 $1 {[%cal Re3f3]} 47. a4 ({Worse is} 47. Nxg6 Nf5 48. h4 d4) (47. h3 $142 Kf3 48. g4) 47... bxa3+ $1 48. Kxa3 Nb5+ 49. Kb2 d4 $1 {[%cal Bd5d4,Bd4d3,Bd3d2][%mdl 32]} 50. f5 gxf5 51. Nxe6 {[#]} d3 $1 {[%cal Rd3d2] Black mates.} 52. Nf4 {[#]} d2 $1 53. Kc2 {[#]} Nc3 $1 {[%mdl 512]} 54. Ng2+ (54. Kxc3 d1=Q) 54... Kf2 55. Kxd2 Ne4+ 56. Kd3 Kxg2 57. Ke3 Kxh2 58. Kf4 Nc5 0-1

[Event "BL 2016-17"]
[Site "St. Veit/Glan"]
[Date "2017.03.25"]
[Round "7"]
[White "Brkic, Ante"]
[Black "Schwarhofer, Christopher"]
[Result "1/2-1/2"]
[WhiteElo "2560"]
[BlackElo "2375"]
[Annotator "TA"]
[PlyCount "118"]
[EventDate "2017.??.??"]
[EventType "team-tourn"]
[EventCountry "AUT"]
[SourceTitle "playchess.com"]
[Source "ChessBase"]
[SourceQuality "1"]
[WhiteTeam "St. Veit"]
[BlackTeam "Nickelsdorf"]

{[%evp 8,118,55,46,60,59,67,54,57,51,45,52,68,37,56,28,33,33,29,28,37,36,42,41,34,36,37,39,39,29,39,29,45,24,31,33,42,37,39,27,59,45,47,37,50,52,44,56,51,33,31,38,37,-113,-102,-126,-90,-91,-85,-85,-84,-85,-85,-93,-91,-86,-84,-97,-97,-97,-96,-90,-90,-91,-105,-105,-102,-104,-59,-114,-38,-40,-44,-140,0,-35,0,0,0,0,0,0,0,0,146,0,0,0,0,0,0,0,0,0,8,8,8,8,8,0,0,0,0]} 1. e4 d5 2. exd5 Qxd5 3. Nc3 Qd6 4. d4 c6 5. Nf3 Bg4 {B01: Scandinavian Defence} 6. h3 Bh5 (6... Bxf3 7. Qxf3 Qxd4 8. Bf4 e5 9. Bg5 Be7 10. Rd1 Qb6 11. Bc4 Nf6 12. Bxf6 gxf6 13. Qf5 {0-1 (20) Ivanchuk,V (2733)-Karpov,A (2619) Cap d'Agde 2013}) 7. g3 Nf6 {White is slightly better.} 8. Bg2 e6 9. O-O Be7 10. Ne2 O-O 11. Nf4 Bxf3 12. Bxf3 ({But not} 12. Qxf3 Qxd4 13. Rd1 Qc4 $15) 12... Rd8 $146 (12... Nbd7 13. Bg2 Rad8 {½-½ (21) Chigaev,M (2337)-Kasparov,S (2521) St Petersburg 2011}) 13. c3 e5 14. dxe5 Qxe5 15. Qc2 Nbd7 {[%cal Bb8d7,Bd7e5,Be5c4][%mdl 32]} 16. Bd2 Qc7 17. Rad1 Ne5 18. Bg2 Nc4 19. Bc1 a5 20. Rfe1 (20. Nd3 $5 {seems wilder.} Ne5 21. Bf4 Bd6 22. Bg5 Be7 23. Rfe1) 20... Rxd1 21. Qxd1 Bf8 22. a4 Bc5 23. Nd3 Bd6 24. Bg5 Nd7 25. Re4 Nce5 26. Rd4 Nf8 $1 27. Bf4 Re8 28. Re4 Re6 29. Nxe5 Bxe5 30. Be3 {[#]} (30. Bxe5 $14 Rxe5 31. Rxe5 Qxe5 32. Qd8) 30... Bxg3 $1 $17 31. Qb3 Rxe4 32. Bxe4 Bf4 {Hoping for ...Bxe3.} (32... Nd7 $5 {creates asymmetry.} 33. Kf1 Bd6 34. Qc4 g6 35. Bc2 Nf6) 33. Qb6 Ne6 34. Qxc7 Bxc7 {[%mdl 4096] Endgame KBB-KBN} 35. b4 g6 36. Kf1 Kf8 37. Ke2 Ke7 38. Kd3 f5 39. Bg2 g5 40. Kc4 h5 41. f3 Kf6 42. Bd4+ Be5 {Strongly threatening ...axb4.} 43. Be3 ({Better is} 43. Bf2 $15) 43... Nc7 (43... Nf4 $17 44. Bxf4 Bxf4 45. bxa5 Bd6) 44. bxa5 $15 Nd5 45. Bd4 (45. Bd2 $15) 45... Nf4 (45... Ke6 $17 46. Bf1 g4 47. fxg4 hxg4 48. hxg4 fxg4) 46. Bf1 g4 47. fxg4 fxg4 48. hxg4 hxg4 49. Kc5 {Black must now prevent Kb6.} Nd5 50. c4 Nc3 {[#]} (50... Bxd4+ $11 {remains equal.} 51. Kxd4 Ne7) 51. Bxe5+ (51. Bxc3 $1 $16 Bxc3 52. Kb6) 51... Kxe5 $16 {KB-KN. The position is equal.} 52. Kb6 Nxa4+ 53. Kxb7 Kd6 54. a6 Nc5+ 55. Kb6 Nxa6 56. Kxa6 {aiming for Kb6.} Kc5 57. Kb7 g3 58. Bg2 Kxc4 {And now ...c5 would win.} 59. Bxc6 Kd4 1/2-1/2

[Event "BL 2016-17"]
[Site "St. Veit/Glan"]
[Date "2017.03.25"]
[Round "7"]
[White "Sebenik, Matej"]
[Black "Gelbenegger, Patrick"]
[Result "1-0"]
[WhiteElo "2540"]
[BlackElo "2054"]
[Annotator "TA"]
[PlyCount "57"]
[EventDate "2017.??.??"]
[EventType "team-tourn"]
[EventCountry "AUT"]
[SourceTitle "playchess.com"]
[Source "ChessBase"]
[SourceQuality "1"]
[WhiteTeam "Feffernitz"]
[BlackTeam "St. Valentin"]

{[%evp 22,57,45,14,43,55,41,49,60,75,84,75,97,83,382,383,383,374,379,365,428,425,504,387,672,675,606,647,635,622,989,958,1178,993,1428,916,1457,1406]} 1. Nf3 Nf6 2. g3 d5 3. Bg2 e6 4. O-O g6 5. d3 Bg7 6. Nbd2 O-O 7. e4 b6 8. Re1 Bb7 9. e5 Nfd7 10. d4 c5 11. c3 Nc6 12. Nf1 {LiveBook: 5 Games. A08: King's Indian Attack} Rc8 (12... h6 13. h4 cxd4 14. cxd4 f6 15. exf6 Qxf6 16. Be3 e5 17. dxe5 Ncxe5 18. N1h2 Qf7 19. Bd4 Rae8 20. Nxe5 Nxe5 {½-½ (47) Petran,P (2360)-Sharashenidze,A (2321) Austria 2016}) 13. Bg5 Qc7 14. h4 {White is slightly better.} h6 $146 (14... Rce8 15. Bh3 Bc8 16. Kh2 f6 {½-½ (16) Soppe,E (2015)-Vreeken,C (2090) Luzern 1982}) 15. Bf4 Ba6 16. Ne3 cxd4 17. cxd4 Nb4 $2 {[%mdl 8192] [#]} (17... Qb7 $16 {was necessary.}) 18. Qa4 $18 Nd3 19. Qxa6 Nxe1 20. Rxe1 ({But not} 20. Nxe1 Nb8 21. Qa3 h5 $18) 20... Nb8 21. Qa3 Qb7 22. Bf1 Rc7 $2 {[#]} (22... h5 23. Be2 Rfe8) 23. Ng4 {[%cal Be3g4,Bg4f6,Bf6h5][%mdl 32] White is clearly winning.} h5 24. Nf6+ Kh8 25. Qe3 Nc6 26. Bh6 Ne7 27. Bd3 Ng8 28. Bxg7+ Kxg7 29. Nxh5+ 1-0

[Event "BL 2016-17"]
[Site "Germany"]
[Date "2017.02.18"]
[Round "7"]
[White "Jakubowski, Krzysztof"]
[Black "Walter, Stefan"]
[Result "1/2-1/2"]
[WhiteElo "2534"]
[BlackElo "2414"]
[Annotator "TA"]
[PlyCount "85"]
[EventDate "2017.??.??"]
[EventType "team-tourn"]
[EventCountry "GER"]
[SourceTitle "playchess.com"]
[Source "ChessBase"]
[SourceQuality "1"]
[WhiteTeam "SF Berlin"]
[BlackTeam "Griesheim"]

{[%evp 12,85,17,19,22,17,20,16,90,17,20,11,42,25,25,28,27,19,20,43,106,102,231,227,240,241,227,232,251,250,236,164,160,151,158,155,160,152,144,141,147,151,161,157,135,90,78,72,156,147,149,104,135,124,110,85,79,73,85,51,81,52,62,70,68,52,76,60,60,48,79,58,74,56,78,0]} 1. Nf3 d5 2. c4 e6 3. e3 {??.} Nf6 4. d4 Be7 5. Nbd2 c5 6. dxc5 dxc4 7. Bxc4 Bxc5 8. a3 a5 9. O-O Nc6 (9... b6 $11) 10. Nb3 (10. Qc2 $16) 10... Bb6 11. Qxd8+ Kxd8 12. Rd1+ Ke7 13. Bd2 $36 {[%mdl 2048] White fights for an advantage.} e5 14. Bc3 Be6 $1 15. Nbd2 Nd7 (15... Bc7 $1 $14) 16. Bxe6 $16 Kxe6 (16... fxe6 $16 17. Rac1 a4) 17. Nc4 {aiming for Ng5+.} Bc7 18. Ng5+ Ke7 19. Nxf7 $1 b5 20. Nxh8 Rxh8 ({Much worse is} 20... bxc4 {[#]} 21. Nf7 $1 $18 {[%mdl 512]}) 21. Nxa5 Bxa5 22. Rac1 Bxc3 23. Rxc3 Rc8 24. Rd5 b4 25. axb4 Ra8 {[#] ( -> ...Ra1+)} 26. Rd1 Nxb4 27. Rc7 Rd8 28. g3 Na6 29. Ra7 Nab8 (29... Nac5 $142) 30. Rc1 Rf8 31. Rb7 Kd8 32. Kg2 Rf6 33. Rbc7 Rb6 34. R1c2 Ke7 35. h3 Rb5 36. Rc8 Rb3 37. g4 h6 38. R8c7 Kd6 39. Ra7 Ke6 40. Rd2 Rb4 41. Rc7 Rb3 42. Kf1 Rb4 43. Kg2 ({Better is} 43. f3 $16) 1/2-1/2

[Event "BL 2016-17"]
[Site "St. Veit/Glan"]
[Date "2017.03.25"]
[Round "7"]
[White "Zilka, Stepan"]
[Black "Bosiocic, Marin"]
[Result "0-1"]
[WhiteElo "2524"]
[BlackElo "2602"]
[Annotator "TA"]
[PlyCount "96"]
[EventDate "2017.??.??"]
[EventType "team-tourn"]
[EventCountry "AUT"]
[SourceTitle "playchess.com"]
[Source "ChessBase"]
[SourceQuality "1"]
[WhiteTeam "Nickelsdorf"]
[BlackTeam "St. Veit"]

{[%evp 16,96,27,11,47,32,46,29,49,29,47,37,46,16,96,84,116,46,65,51,100,79,77,80,87,88,88,90,114,0,0,0,0,0,7,0,0,0,0,0,0,0,0,-8,0,-30,-2,0,4,-39,-39,-67,-64,-81,-60,-56,-32,-47,-58,-86,-85,-170,-170,-156,-149,-287,-232,-377,-390,-1004,-1035,-1070,-1050,-855,-880,-717,-451,-6890,-6481,-1479,-1190,-29967,-11359]} 1. e4 c5 2. Nf3 e6 3. d4 cxd4 4. Nxd4 Nc6 5. Nc3 Qc7 6. Be3 a6 7. Qd2 Nf6 8. O-O-O Bb4 9. f3 O-O {B48: Sicilian: Taimanov: 5 Nc3 Qc7 6 Be3 a6 without Be2} 10. a3 Be7 11. g4 b5 {White has an edge.} 12. h4 b4 13. axb4 Bxb4 14. h5 Rb8 (14... e5 $11 {keeps the balance.} 15. Nb3 a5) 15. g5 $1 $16 {[%cal Rg5f6]} Ne8 16. g6 ({White should play} 16. Nxc6 $16 dxc6 17. Qd8) 16... Qa5 $146 {White must now prevent ...Qa1+.} (16... Nxd4 17. Bxd4 {0-1 (40) Ruiz Sanchez,O (2465)-Van Kampen,R (2636) Montreal 2014}) 17. Nb3 Bxc3 18. Qxc3 Qxc3 19. gxh7+ Kxh7 20. bxc3 d6 21. f4 e5 {[#]} 22. fxe5 (22. f5 $1 $16) 22... Nxe5 $11 23. Bf4 f6 24. Rd4 Rf7 25. Be2 Be6 26. Rb4 Rc8 27. Nd4 Bc4 28. Bxe5 Bxe2 29. Bg3 Bc4 30. Nf5 Rd7 31. Rb6 {[%cal Rg3d6]} Bb5 32. h6 {White wants to mate with hxg7+.} g6 33. Nxd6 Nxd6 34. Rxd6 Rxd6 35. Bxd6 $15 {[%mdl 4096] Endgame KRB-KRB} Re8 36. e5 f5 {[%cal Bf6f5,Bf5f4][%mdl 1056] Black has compensation.} 37. Kd2 f4 38. Rh4 (38. c4 $17 {was called for.} Bxc4 39. Kc3) 38... g5 $19 39. Rh5 {[#]} Kg6 $1 {[%cal Rg6h5]} 40. Rh2 (40. Rh1 $17 {was the only chance.}) 40... Rh8 41. e6 (41. Rg2 {is a better defense.}) 41... Rxh6 ({And not} 41... Rd8 42. h7 Rh8 43. c4 $11) 42. Rxh6+ $2 (42. Rf2 Kf5 43. Kc1) 42... Kxh6 {KB-KB} 43. c4 Bxc4 44. e7 Bb5 45. c4 Bc6 46. Bc7 (46. Kd3 $142 a5 47. Kd4) 46... Kg6 47. Kd3 Kf5 48. c5 g4 0-1

[Event "BL 2016-17"]
[Site "Germany"]
[Date "2017.02.18"]
[Round "7"]
[White "Werle, Jan"]
[Black "Gerigk, Erasmus"]
[Result "1-0"]
[WhiteElo "2520"]
[BlackElo "2354"]
[Annotator "TA"]
[PlyCount "113"]
[EventDate "2017.??.??"]
[EventType "team-tourn"]
[EventCountry "GER"]

{[%evp 19,113,21,34,26,42,42,45,48,50,41,84,80,83,48,56,43,46,31,39,-11,0,0,13,-50,0,-12,0,-5,0,0,0,0,0,0,0,0,26,20,22,0,14,0,24,18,60,70,61,58,61,65,62,56,77,48,54,54,56,50,53,52,52,29,39,33,118,80,80,79,79,87,89,54,59,54,62,14,14,0,0,0,0,0,14,14,18,25,2261,2048,2258,2171,29972,29973,29964,29968,12848,12233]} 1. Nf3 Nf6 2. c4 e6 3. Nc3 Bb4 4. Qc2 O-O 5. a3 Bxc3 6. Qxc3 c5 7. g3 b6 8. Bg2 Bb7 9. O-O d6 10. d3 Nbd7 {LiveBook: 21 Games} 11. e4 Qe7 12. b4 Rfd8 {White is slightly better.} 13. Bb2 Rac8 14. b5 a6 15. a4 Ra8 16. Rae1 Nf8 17. e5 Ne8 18. d4 d5 19. cxd5 Bxd5 20. dxc5 axb5 21. axb5 ({Better is} 21. cxb6 $11 Rxa4 22. Qe3) 21... Qxc5 22. Nd4 Bxg2 23. Kxg2 Qxc3 24. Bxc3 Nc7 25. Ra1 Nd7 26. Nc6 Re8 27. Na7 Nc5 28. Rfb1 Rad8 29. Nc6 Ra8 30. Na7 Rad8 31. Bb4 Rd5 32. Bxc5 Rxc5 33. Rc1 Rxc1 34. Rxc1 $14 {[%mdl 4096] Endgame KRN-KRN} Nd5 35. Nc8 Kf8 36. Kf3 Rd8 37. Rc6 Nb4 38. Nd6 ({Wrong is} 38. Nxb6 $2 Nxc6 39. bxc6 Rd3+ 40. Ke4 Rc3 $19) 38... Nd5 ({Not} 38... Nxc6 $2 39. bxc6 Ra8 40. c7 $18) 39. Nc4 Rb8 $1 40. h4 h5 41. Ne3 {Nxd5 is the strong threat.} Nxe3 (41... Nb4 $14 42. Rc7 Rd8) 42. Kxe3 {KR-KR} g6 43. f3 Kg7 44. Kf4 Kh6 45. g4 Rb7 46. Kg3 Kg7 47. f4 Ra7 48. gxh5 gxh5 49. Rxb6 Ra3+ 50. Kg2 Rb3 51. Rb7 {Strongly threatening f5.} Kg6 52. b6 Kg7 $2 {[%mdl 8192] [#]} (52... Rb2+ $11 53. Kf3 Rb4) 53. f5 $1 $18 {[%cal Bf4f5,Bf5f6][%mdl 544]} Kf8 (53... exf5 54. e6) 54. f6 {[%cal Rb7b8]} Ke8 55. Re7+ Kd8 56. Rxf7 Rxb6 57. Re7 1-0

[Event "BL 2016-17"]
[Site "St. Veit/Glan"]
[Date "2017.03.25"]
[Round "7"]
[White "Schlosser, Philipp"]
[Black "Wallner, Joachim"]
[Result "1-0"]
[WhiteElo "2517"]
[BlackElo "2322"]
[Annotator "TA"]
[PlyCount "81"]
[EventDate "2017.??.??"]
[EventType "team-tourn"]
[EventCountry "AUT"]
[SourceTitle "playchess.com"]
[Source "ChessBase"]
[SourceQuality "1"]
[WhiteTeam "Jenbach"]
[BlackTeam "Wulkaprodersdorf"]

{[%evp 22,81,45,39,82,68,71,63,98,76,114,65,96,86,114,118,95,70,170,139,135,135,204,191,205,189,201,127,211,102,118,110,177,166,154,180,218,214,275,276,277,264,230,193,183,204,491,127,182,105,182,178,167,126,368,347,550,447,598,578,530,561]} 1. Nf3 d5 2. g3 c6 3. Bg2 Bf5 4. c4 e6 5. cxd5 exd5 6. O-O Nf6 7. d3 Be7 8. Qb3 {A11: English Opening: 1...c6} Qb6 9. Qc2 Nbd7 (9... Na6 10. Nc3 O-O 11. a3 h6 12. b4 c5 13. Na4 Qc6 14. bxc5 Nxc5 15. Nxc5 Qxc5 {1-0 (55) Movsesian,S (2653)-Wojtaszek,R (2727) Huaian 2016}) 10. Nc3 O-O 11. e4 dxe4 12. dxe4 {LiveBook: 11 Games} Be6 13. Be3 Qa5 14. h3 $146 (14. Nd4 Bc4 15. Nf5 Bc5 16. Bxc5 Qxc5 {1-0 (45) Carlier,B (2395)-Prescha,F (2195) Germany 1998}) 14... Rfe8 15. Nd4 Bc5 16. Rad1 (16. Nxe6 $6 Rxe6 17. Bf4 Rae8 $11) 16... Rad8 17. a3 Qc7 (17... Bc4 $2 18. b4 Qc7 19. bxc5 $18) 18. f4 Nb6 19. Bf2 {[%cal Be3f2,Bf2d4,Bd4c3][%mdl 32]} Bf8 {[#]} (19... Bc4 $14) 20. Ncb5 $1 {[%mdl 512]} Qb8 (20... cxb5 21. Qxc7) 21. Nxe6 fxe6 (21... Rxd1 $16 {keeps fighting.} 22. Rxd1 Rxe6) 22. Nd4 $18 Qc8 23. Nf3 h6 24. Bd4 Nbd7 (24... c5 $16) 25. h4 (25. Bxa7 b6 $11) (25. Nh4 $18 {and White stays clearly on top.}) 25... c5 $16 26. Bc3 Ng4 (26... c4 $16 {is a better defense.}) 27. Qe2 $18 c4 28. Bh3 $36 {[%mdl 2048] Black is under strong pressure.} Ngf6 29. Kh2 Qc6 30. Nd4 Qa6 31. e5 Nd5 32. Qf3 Nxc3 33. bxc3 {Nxe6 is the strong threat.} (33. Qxc3 $6 Nc5 $16) 33... Bc5 $2 (33... Nc5 34. f5 Kh8) 34. Qe4 $2 (34. Nxe6 $18 {and the rest is easy.} Rxe6 35. Qd5 (35. Bxe6+ Qxe6 36. Qd5 Kf7 37. Qxb7 Kf8 $18)) 34... Bxd4 (34... Kh8 $16) 35. cxd4 ({Don't do} 35. Qxd4 $6 Qa4 $16) ({White should try} 35. Rxd4 $18 {Threatens to win with Rfd1.} Qxa3 36. Rxc4 (36. Qxb7 Nc5 37. Rxd8 Rxd8 $14)) 35... Qxa3 (35... Qc6 $16 {was called for.} 36. Qxc6 bxc6) 36. d5 ({Much less strong is} 36. Qxb7 $6 Nb6 $16) 36... Qa2+ 37. Kg1 (37. Qg2 Qxg2+ 38. Kxg2 exd5 39. Rxd5 Nb6 $11) 37... Nc5 $2 {[#]} (37... Nf8 $16) 38. Qg6 $1 exd5 {[#]} (38... Rf8 $142 39. dxe6 (39. Bxe6+ Nxe6 40. Qxe6+ Kh8 $16) 39... Rxd1) 39. Rxd5 $1 {[%mdl 512] White is clearly winning.} Qe2 (39... Rxd5 40. Qxe8+) 40. Bf5 Kf8 41. e6 1-0

[Event "BL 2016-17"]
[Site "Germany"]
[Date "2017.02.18"]
[Round "7"]
[White "Stern, Rene"]
[Black "Howell, David W L"]
[Result "0-1"]
[WhiteElo "2515"]
[BlackElo "2657"]
[Annotator "TA"]
[PlyCount "63"]
[EventDate "2017.??.??"]
[EventType "team-tourn"]
[EventCountry "GER"]
[SourceTitle "playchess.com"]
[Source "ChessBase"]
[SourceQuality "1"]
[WhiteTeam "König Tegel"]
[BlackTeam "Hockenheim"]

{[%evp 12,63,18,-3,0,-18,-11,-7,0,-27,-3,0,0,-16,0,-11,4,-10,-7,-12,2,-12,-18,-29,-31,-30,-30,-36,-21,-204,-218,-221,-197,-213,-229,-241,-252,-275,-267,-267,-269,-270,-263,-258,-264,-260,-271,-263,-262,-320,-322,-646,-625,-669]} 1. Nf3 c5 2. c4 Nc6 3. g3 {??.} g6 4. Bg2 Bg7 5. O-O e6 6. Nc3 Nge7 7. d3 O-O 8. Bd2 b6 9. a3 Bb7 10. Rb1 d6 11. b4 Qd7 12. Qb3 Rac8 13. Rfc1 Rfd8 14. e3 Ne5 15. Nxe5 dxe5 16. Bxb7 Qxb7 17. Ne4 {Black should prevent bxc5.} f5 18. Ng5 Bf6 $36 {[%mdl 2048] Black is pushing.} 19. e4 h6 20. Nf3 $2 {[#]} (20. Nxe6 $11 {and White has nothing to worry.} Rd6 21. d4 Rxe6 22. d5) 20... fxe4 $19 21. dxe4 Qxe4 22. Bxh6 Nf5 23. Re1 Qg4 24. h3 Qxh3 25. Bg5 {[#]} Nxg3 $1 {[%csl Gg3][%cal Rh3h1][%mdl 512]} 26. Nh2 (26. fxg3 Qxg3+) 26... Bxg5 27. Qxg3 Qxg3+ 28. fxg3 cxb4 29. axb4 Rd3 30. Rxe5 Rxg3+ 31. Kf2 $2 (31. Kh1) 31... Bh4 32. Ke2 0-1

[Event "BL 2016-17"]
[Site "St. Veit/Glan"]
[Date "2017.03.25"]
[Round "7"]
[White "Dizdar, Goran"]
[Black "Henrichs, Thomas"]
[Result "0-1"]
[WhiteElo "2512"]
[BlackElo "2495"]
[Annotator "TA"]
[PlyCount "92"]
[EventDate "2017.??.??"]
[EventType "team-tourn"]
[EventCountry "AUT"]
[SourceTitle "playchess.com"]
[Source "ChessBase"]
[SourceQuality "1"]
[WhiteTeam "Absam"]
[BlackTeam "Bregenz"]

{[%evp 13,92,30,35,38,41,34,45,52,53,39,37,9,40,37,97,29,35,37,45,38,40,30,48,39,49,41,59,59,102,60,60,56,64,43,97,93,93,77,91,65,88,25,43,29,41,33,36,0,0,-10,0,0,0,-7,-18,-38,0,-93,-85,-147,-151,-227,-220,-280,-239,-231,-226,-281,-253,-382,-465,-1168,-492,-480,-450,-1245,-1204,-29992,-29993,-29993,-29994]} 1. d4 Nf6 2. Nf3 g6 3. c4 Bg7 4. g3 O-O 5. Bg2 e6 6. O-O d5 7. Nc3 Nc6 8. b3 {D77: Fianchetto Grünfeld: 6 0-0: Replies other than 6...c6} (8. Ne5 Ne7 9. Qb3 c6 10. Rd1 Nf5 11. g4 Nxg4 12. Nxg4 Qh4 13. h3 h5 14. Ne5 Nxd4 15. Rxd4 Qxd4 {0-1 (67) Ding,L (2718)-Wang,C (2485) China 2013}) 8... Ne4 9. Bb2 f5 10. e3 {White is slightly better.} b6 11. cxd5 exd5 12. Qc1 $146 (12. Rc1 Ba6 13. Re1 Nb4 14. Bf1 Bxf1 15. Rxf1 Nxc3 16. Bxc3 Nxa2 {0-1 (34) Capuzzi,G (1801)-Cuccumini,V ICCF email 2011}) 12... Nb4 13. Rd1 Ba6 (13... Na6 $14) 14. Ne1 (14. Ne5 $16 {And now a3 would win.} Bb7 15. a3) 14... Bb7 15. a3 {[%cal Ba2a3,Ba3a4][%mdl 32]} Na6 16. b4 c6 17. Nd3 Rc8 18. Qc2 Nc7 19. a4 Re8 20. Qb3 a6 21. Ne5 {Threatens to win with Nxe4.} Nd6 22. Ne2 b5 23. axb5 cxb5 (23... axb5 $14 24. Ra7 Ne6) 24. Nf4 {[%cal Rf4d5]} Nc4 25. Ned3 Rb8 26. Nc5 Bc8 27. Bc3 (27. h4 $16) 27... Rb6 28. Ra2 g5 $1 {[%cal Rg5f4]} 29. Nfd3 h5 30. Rc2 h4 31. Ne5 hxg3 32. hxg3 Rh6 33. Ba1 Re7 34. Qd3 Ne8 {[%cal Bc7e8,Be8f6,Bf6e4][%mdl 32]} 35. Qb3 (35. Bc3 $11) 35... Bf8 $1 $17 36. Bf3 ({White should play} 36. Ra2) 36... Reh7 37. Rcc1 (37. Bg2 $17 {is a better defense.}) 37... Nf6 $19 38. Qa2 (38. Kf1 Ne4 39. Nxc4 bxc4) 38... Ne4 39. Bg2 Qe8 (39... Rh2 40. Qe2 $17) 40. g4 Rh2 41. Kf1 (41. gxf5 Qh5 42. Kf1 Rxg2 $1 {[%mdl 512]} 43. Ng4 Qxg4 44. Nxe4 Rh1#) (41. Rxc4 $142 bxc4 42. Qe2) 41... Bd6 42. Nf3 (42. Rxc4 $142 dxc4 43. Qe2) 42... R2h6 (42... Ng3+ $142 43. Kg1 Rxg2+ $1 {[%mdl 512]} 44. Kxg2 fxg4) 43. Ne5 Qf8 (43... Bxe5 44. dxe5 Nxc5 45. bxc5 $17) 44. Kg1 (44. Nxc4 bxc4 45. gxf5 Bxf5 46. Nxe4 {[#]} Rh1+ $1 {[%mdl 512]} 47. Bxh1 (47. Ke2 $2 R1h2 48. Rf1 Rxg2 $19) 47... Rxh1+ 48. Ke2 Bxe4 49. Rxh1 Qf3+ 50. Ke1 Qxh1+ 51. Kd2 Bxb4+ 52. Bc3 Qg2 $19) (44. Rxc4 $142 bxc4 45. Qa5) 44... Rh2 (44... Bxc5 45. dxc5 (45. bxc5 fxg4 46. Nxc4 bxc4 $19) 45... Be6 46. Nxc4 (46. Qxa6 fxg4 47. Qa2 g3 48. fxg3 Nxe3 $19) 46... bxc4 47. Be5 fxg4 48. Bg3 $17) 45. Nf3 {[#]} Rxg2+ $1 {[%mdl 512]} (45... Bxc5 46. Nxh2 Bxb4 47. Nf1 $17) 46. Kxg2 fxg4 0-1